| 000 | 00451nam a2200169 a 4500 | ||
|---|---|---|---|
| 005 | 20140310183436.0 | ||
| 008 | 080304s19uu xx 00 eng d | ||
| 020 | _a0689867085 | ||
| 050 |
_aPZ 7 _b.B967 2004 |
||
| 100 | _aBurns, Laura J. | ||
| 245 |
_aCharmed : _binherit the witch. / _cLaura J. Burns |
||
| 260 |
_aNew York : _bSimon Spotlight, _c2004. |
||
| 300 |
_a212 p. : _c18 cm. |
||
| 650 | _aFiction. | ||
| 942 |
_cBK _2lcc |
||
| 999 |
_c22922 _d22922 |
||